| Tag |
First Indicator |
Second Indicator |
Subfields |
| LEADER |
00000cam a2200000 a 4500 |
| 001 |
in00000070574 |
| 005 |
20151008061820.0 |
| 008 |
800219s1979 bcca b 00000 eng d |
| 020 |
|
|
|a 0919804160
|
| 035 |
|
|
|a (OCoLC)05998153
|
| 035 |
|
|
|9 AAJ8882AM
|
| 040 |
|
|
|a WTU
|c WTU
|d m.c.
|d TXA
|d UtOrBLW
|
| 043 |
|
|
|a n-cn---
|
| 049 |
|
|
|a TXAM
|c [1329197]
|
| 090 |
|
|
|a HD5728
|b .M36 1979
|
| 245 |
0 |
0 |
|a Manpower planning for Canadians :
|b an anthology /
|c edited by Larry F. Moore and Larry Charach.
|
| 250 |
|
|
|a 2nd ed.
|
| 264 |
|
1 |
|a Vancouver :
|b Institute of Industrial Relations, University of British Columbia,
|c [1979]
|
| 264 |
|
4 |
|c ©1979
|
| 300 |
|
|
|a 537 pages :
|b illustrations ;
|c 23 cm.
|
| 336 |
|
|
|a text
|b txt
|2 rdacontent
|
| 337 |
|
|
|a unmediated
|b n
|2 rdamedia
|
| 338 |
|
|
|a volume
|b nc
|2 rdacarrier
|
| 504 |
|
|
|a Includes bibliographies.
|
| 650 |
|
0 |
|a Manpower policy
|z Canada.
|
| 650 |
|
0 |
|a Manpower planning
|z Canada.
|
| 650 |
|
0 |
|a Manpower policy.
|
| 650 |
|
0 |
|a Manpower planning.
|
| 700 |
1 |
|
|a Moore, Larry F.
|
| 700 |
1 |
|
|a Charach, Larry.
|
| 999 |
|
|
|a MARS
|
| 999 |
f |
f |
|s b124d47b-c3b2-30b6-beeb-576e7cece798
|i 9a7f9ebc-7c24-3e1b-a5fc-a38cbec99309
|t 0
|
| 952 |
f |
f |
|p ric
|a Texas A&M University
|b Rellis Campus
|c Joint Library Facility
|d Remote Storage
|t 0
|e HD5728 .M36 1979
|h Library of Congress classification
|i unmediated -- volume
|m A14806128146
|
| 998 |
f |
f |
|a HD5728 .M36 1979
|t 0
|l Remote Storage
|